LIBRARY ONLINE CATALOGUE

More than words : (Record no. 19975)

MARC details
000 -LEADER
fixed length control field 00484nam a22001697a 4500
008 - FIXED-LENGTH DATA ELEMENTS--GENERAL INFORMATION
fixed length control field 230209b |||||||| |||| 00| 0 eng d
020 ## - INTERNATIONAL STANDARD BOOK NUMBER
International Standard Book Number 978-0415303828
050 ## - LIBRARY OF CONGRESS CALL NUMBER
Classification number P90
Item number .D53 2007
100 ## - MAIN ENTRY--PERSONAL NAME
Personal name Dimbleby, Richard
245 ## - TITLE STATEMENT
Title More than words :
Remainder of title An introduction to communication/
Statement of responsibility, etc. Richard Dimbleby & Graeme Burton
250 ## - EDITION STATEMENT
Edition statement 4th ed.
260 ## - PUBLICATION, DISTRIBUTION, ETC. (IMPRINT)
Place of publication, distribution, etc. London
Name of publisher, distributor, etc. Routledge
Date of publication, distribution, etc. 2007
300 ## - PHYSICAL DESCRIPTION
Extent xiii, 383p.
650 ## - SUBJECT ADDED ENTRY--TOPICAL TERM
Topical term or geographic name as entry element Communication
700 ## - ADDED ENTRY--PERSONAL NAME
Personal name Burton, Graeme
942 ## - ADDED ENTRY ELEMENTS (KOHA)
Source of classification or shelving scheme Library of Congress Classification
Koha item type General Collection
Holdings
Withdrawn status Lost status Source of classification or shelving scheme Not for loan Home library Current library Date acquired Cost, normal purchase price Inventory number Total Checkouts Full call number Barcode Date last seen Copy number Price effective from Koha item type
    Library of Congress Classification   Kabarak, Main Campus Kabarak, Main Campus 09/02/2023 14909.00 2104/2022   P90 .D53 2007 C.1 34734 09/02/2023 C.1 09/02/2023 General Collection